<?xml version="1.0" encoding="UTF-8"?>
<collection xmlns="http://www.loc.gov/MARC21/slim">
 <record>
  <leader>08667cam a2201309 c 4500</leader>
  <controlfield tag="001">499774930</controlfield>
  <controlfield tag="003">DE-627</controlfield>
  <controlfield tag="005">20260223092048.0</controlfield>
  <controlfield tag="007">tu</controlfield>
  <controlfield tag="008">050921s2006    gw |||||      00| ||ger c</controlfield>
  <datafield tag="015" ind1=" " ind2=" ">
   <subfield code="a">06,N08,0977</subfield>
   <subfield code="2">dnb</subfield>
  </datafield>
  <datafield tag="015" ind1=" " ind2=" ">
   <subfield code="a">07,A03,1367</subfield>
   <subfield code="2">dnb</subfield>
  </datafield>
  <datafield tag="016" ind1="7" ind2=" ">
   <subfield code="a">978126084</subfield>
   <subfield code="2">DE-101</subfield>
  </datafield>
  <datafield tag="020" ind1=" " ind2=" ">
   <subfield code="a">305004182X</subfield>
   <subfield code="q">Pb. : ca. EUR 49.80</subfield>
  </datafield>
  <datafield tag="020" ind1=" " ind2=" ">
   <subfield code="a">9783050041827</subfield>
  </datafield>
  <datafield tag="024" ind1="3" ind2=" ">
   <subfield code="a">9783050041827</subfield>
  </datafield>
  <datafield tag="035" ind1=" " ind2=" ">
   <subfield code="a">(DE-627)499774930</subfield>
  </datafield>
  <datafield tag="035" ind1=" " ind2=" ">
   <subfield code="a">(DE-603)183628713</subfield>
  </datafield>
  <datafield tag="035" ind1=" " ind2=" ">
   <subfield code="a">(DE-576)119450615</subfield>
  </datafield>
  <datafield tag="035" ind1=" " ind2=" ">
   <subfield code="a">(DE-599)GBV499774930</subfield>
  </datafield>
  <datafield tag="035" ind1=" " ind2=" ">
   <subfield code="a">(OCoLC)180899976</subfield>
  </datafield>
  <datafield tag="035" ind1=" " ind2=" ">
   <subfield code="a">(OCoLC)180899976</subfield>
  </datafield>
  <datafield tag="035" ind1=" " ind2=" ">
   <subfield code="a">(OCoLC)77077847</subfield>
  </datafield>
  <datafield tag="035" ind1=" " ind2=" ">
   <subfield code="a">(AT-OBV)AC05756746</subfield>
  </datafield>
  <datafield tag="035" ind1=" " ind2=" ">
   <subfield code="a">(DE-615)00279101</subfield>
  </datafield>
  <datafield tag="040" ind1=" " ind2=" ">
   <subfield code="a">DE-627</subfield>
   <subfield code="b">ger</subfield>
   <subfield code="c">DE-627</subfield>
   <subfield code="e">rakwb</subfield>
  </datafield>
  <datafield tag="041" ind1=" " ind2=" ">
   <subfield code="a">ger</subfield>
   <subfield code="a">fre</subfield>
  </datafield>
  <datafield tag="044" ind1=" " ind2=" ">
   <subfield code="c">XA-DE</subfield>
   <subfield code="c">XA-DE-BE</subfield>
  </datafield>
  <datafield tag="050" ind1=" " ind2="0">
   <subfield code="a">N6868</subfield>
  </datafield>
  <datafield tag="082" ind1="0" ind2=" ">
   <subfield code="a">709.4409045</subfield>
  </datafield>
  <datafield tag="082" ind1="0" ind2=" ">
   <subfield code="a">0905</subfield>
  </datafield>
  <datafield tag="082" ind1="0" ind2=" ">
   <subfield code="a">0904</subfield>
  </datafield>
  <datafield tag="082" ind1="0" ind2=" ">
   <subfield code="a">944</subfield>
  </datafield>
  <datafield tag="082" ind1="0" ind2=" ">
   <subfield code="a">303.482</subfield>
  </datafield>
  <datafield tag="082" ind1="0" ind2=" ">
   <subfield code="a">709.4309045</subfield>
   <subfield code="q">OCLC</subfield>
  </datafield>
  <datafield tag="082" ind1="0" ind2="4">
   <subfield code="a">700</subfield>
  </datafield>
  <datafield tag="084" ind1=" " ind2=" ">
   <subfield code="a">RA04.06</subfield>
   <subfield code="2">fivr</subfield>
  </datafield>
  <datafield tag="084" ind1=" " ind2=" ">
   <subfield code="a">RA05.02</subfield>
   <subfield code="2">fivr</subfield>
  </datafield>
  <datafield tag="084" ind1=" " ind2=" ">
   <subfield code="a">SE05</subfield>
   <subfield code="2">fivs</subfield>
  </datafield>
  <datafield tag="084" ind1=" " ind2=" ">
   <subfield code="a">9,10</subfield>
   <subfield code="a">9,11</subfield>
   <subfield code="2">ssgn</subfield>
  </datafield>
  <datafield tag="084" ind1=" " ind2=" ">
   <subfield code="a">LH 62040</subfield>
   <subfield code="2">rvk</subfield>
   <subfield code="0">(DE-625)rvk/94236:</subfield>
  </datafield>
  <datafield tag="084" ind1=" " ind2=" ">
   <subfield code="a">LH 65800</subfield>
   <subfield code="q">BSZ</subfield>
   <subfield code="2">rvk</subfield>
   <subfield code="0">(DE-625)rvk/94560:</subfield>
  </datafield>
  <datafield tag="084" ind1=" " ind2=" ">
   <subfield code="a">LH 60200</subfield>
   <subfield code="q">BSZ</subfield>
   <subfield code="2">rvk</subfield>
   <subfield code="0">(DE-625)rvk/94179:</subfield>
  </datafield>
  <datafield tag="084" ind1=" " ind2=" ">
   <subfield code="a">LK 10357</subfield>
   <subfield code="q">BSZ</subfield>
   <subfield code="2">rvk</subfield>
   <subfield code="0">(DE-625)rvk/97500:13111</subfield>
  </datafield>
  <datafield tag="084" ind1=" " ind2=" ">
   <subfield code="a">LH 60230</subfield>
   <subfield code="2">rvk</subfield>
   <subfield code="0">(DE-625)rvk/94183:</subfield>
  </datafield>
  <datafield tag="084" ind1=" " ind2=" ">
   <subfield code="a">LM 10197</subfield>
   <subfield code="2">rvk</subfield>
   <subfield code="0">(DE-625)rvk/101012:</subfield>
  </datafield>
  <datafield tag="084" ind1=" " ind2=" ">
   <subfield code="a">20.70</subfield>
   <subfield code="2">bkl</subfield>
  </datafield>
  <datafield tag="084" ind1=" " ind2=" ">
   <subfield code="a">20.30</subfield>
   <subfield code="2">bkl</subfield>
  </datafield>
  <datafield tag="090" ind1=" " ind2=" ">
   <subfield code="a">a</subfield>
  </datafield>
  <datafield tag="245" ind1="0" ind2="0">
   <subfield code="a">In die Freiheit geworfen</subfield>
   <subfield code="b">Positionen zur deutsch-französischen Kunstgeschichte nach 1945</subfield>
   <subfield code="c">herausgegeben von Martin Schieder ...</subfield>
  </datafield>
  <datafield tag="263" ind1=" " ind2=" ">
   <subfield code="a">Pb. : ca. EUR 49.80</subfield>
  </datafield>
  <datafield tag="264" ind1=" " ind2="1">
   <subfield code="a">Berlin</subfield>
   <subfield code="b">Akademie-Verlag</subfield>
   <subfield code="c">2006</subfield>
  </datafield>
  <datafield tag="300" ind1=" " ind2=" ">
   <subfield code="a">XV, 410 Seiten</subfield>
   <subfield code="b">Illustrationen</subfield>
   <subfield code="c">24 cm</subfield>
  </datafield>
  <datafield tag="336" ind1=" " ind2=" ">
   <subfield code="a">Text</subfield>
   <subfield code="b">txt</subfield>
   <subfield code="2">rdacontent</subfield>
  </datafield>
  <datafield tag="337" ind1=" " ind2=" ">
   <subfield code="a">ohne Hilfsmittel zu benutzen</subfield>
   <subfield code="b">n</subfield>
   <subfield code="2">rdamedia</subfield>
  </datafield>
  <datafield tag="338" ind1=" " ind2=" ">
   <subfield code="a">Band</subfield>
   <subfield code="b">nc</subfield>
   <subfield code="2">rdacarrier</subfield>
  </datafield>
  <datafield tag="490" ind1="1" ind2=" ">
   <subfield code="a">Passagen</subfield>
   <subfield code="v">Bd. 13</subfield>
  </datafield>
  <datafield tag="490" ind1="0" ind2=" ">
   <subfield code="a">Deutsch-französische Kunstbeziehungen, Kritik und Vermittlung</subfield>
  </datafield>
  <datafield tag="500" ind1=" " ind2=" ">
   <subfield code="a">Beitr. teilw. dt., teilw. franz. - Literaturangaben</subfield>
  </datafield>
  <datafield tag="583" ind1="1" ind2=" ">
   <subfield code="a">Archivierung/Langzeitarchivierung gewährleistet</subfield>
   <subfield code="f">SSG</subfield>
   <subfield code="x">XA-DE-BW</subfield>
   <subfield code="2">pdager</subfield>
   <subfield code="5">DE-16</subfield>
  </datafield>
  <datafield tag="648" ind1=" " ind2="7">
   <subfield code="a">Geschichte 1945-1965</subfield>
   <subfield code="2">gnd</subfield>
  </datafield>
  <datafield tag="650" ind1="0" ind2="7">
   <subfield code="0">(DE-588)4114333-4</subfield>
   <subfield code="0">(DE-627)105822957</subfield>
   <subfield code="0">(DE-576)209483733</subfield>
   <subfield code="a">Kunst</subfield>
   <subfield code="2">gnd</subfield>
  </datafield>
  <datafield tag="650" ind1=" " ind2="4">
   <subfield code="a">Art</subfield>
   <subfield code="x">France</subfield>
   <subfield code="x">History</subfield>
  </datafield>
  <datafield tag="650" ind1=" " ind2="4">
   <subfield code="a">Art</subfield>
   <subfield code="x">Germany</subfield>
   <subfield code="x">History</subfield>
  </datafield>
  <datafield tag="650" ind1=" " ind2="4">
   <subfield code="a">Art, French</subfield>
   <subfield code="x">History</subfield>
   <subfield code="x">20th century</subfield>
  </datafield>
  <datafield tag="650" ind1=" " ind2="4">
   <subfield code="a">Art, German</subfield>
   <subfield code="x">History</subfield>
   <subfield code="x">20th century</subfield>
  </datafield>
  <datafield tag="650" ind1=" " ind2="4">
   <subfield code="a">Frankreich</subfield>
   <subfield code="x">Deutschland</subfield>
   <subfield code="x">Bilaterale internationale Beziehungen</subfield>
   <subfield code="x">Internationale wissenschaftlich-technologische Zusammenarbeit</subfield>
   <subfield code="x">Internationale kulturelle Zusammenarbeit</subfield>
   <subfield code="x">Kunstgeschichte</subfield>
   <subfield code="x">Kulturvermittlung</subfield>
  </datafield>
  <datafield tag="650" ind1=" " ind2="4">
   <subfield code="a">Wissenschaftleraustausch</subfield>
   <subfield code="x">Wissenschaftliche Tätigkeit</subfield>
   <subfield code="x">Kulturelle Einrichtung</subfield>
   <subfield code="x">Wissenschaftliche Einrichtung</subfield>
   <subfield code="x">Internationaler Austausch von Personen</subfield>
   <subfield code="x">Internationale wissenschaftlich-technische Kommunikation</subfield>
   <subfield code="x">Internationale wissenschaftlich-technologische Beziehungen</subfield>
   <subfield code="x">Deutsch-französisches Kulturabkommen (1954-10-23)</subfield>
   <subfield code="x">Kunstwissenschaften</subfield>
   <subfield code="x">Kunst</subfield>
   <subfield code="x">Perzeption</subfield>
  </datafield>
  <datafield tag="651" ind1=" " ind2="7">
   <subfield code="0">(DE-588)4011882-4</subfield>
   <subfield code="0">(DE-627)104704861</subfield>
   <subfield code="0">(DE-576)208896155</subfield>
   <subfield code="a">Deutschland</subfield>
   <subfield code="2">gnd</subfield>
  </datafield>
  <datafield tag="651" ind1=" " ind2="7">
   <subfield code="0">(DE-588)4018145-5</subfield>
   <subfield code="0">(DE-627)106327232</subfield>
   <subfield code="0">(DE-576)208922857</subfield>
   <subfield code="a">Frankreich</subfield>
   <subfield code="2">gnd</subfield>
  </datafield>
  <datafield tag="655" ind1=" " ind2="7">
   <subfield code="a">Aufsatzsammlung</subfield>
   <subfield code="0">(DE-588)4143413-4</subfield>
   <subfield code="0">(DE-627)105605727</subfield>
   <subfield code="0">(DE-576)209726091</subfield>
   <subfield code="2">gnd-content</subfield>
  </datafield>
  <datafield tag="689" ind1="0" ind2="0">
   <subfield code="d">g</subfield>
   <subfield code="0">(DE-588)4011882-4</subfield>
   <subfield code="0">(DE-627)104704861</subfield>
   <subfield code="0">(DE-576)208896155</subfield>
   <subfield code="a">Deutschland</subfield>
   <subfield code="2">gnd</subfield>
  </datafield>
  <datafield tag="689" ind1="0" ind2="1">
   <subfield code="d">s</subfield>
   <subfield code="0">(DE-588)4114333-4</subfield>
   <subfield code="0">(DE-627)105822957</subfield>
   <subfield code="0">(DE-576)209483733</subfield>
   <subfield code="a">Kunst</subfield>
   <subfield code="2">gnd</subfield>
  </datafield>
  <datafield tag="689" ind1="0" ind2="2">
   <subfield code="d">g</subfield>
   <subfield code="0">(DE-588)4018145-5</subfield>
   <subfield code="0">(DE-627)106327232</subfield>
   <subfield code="0">(DE-576)208922857</subfield>
   <subfield code="a">Frankreich</subfield>
   <subfield code="2">gnd</subfield>
  </datafield>
  <datafield tag="689" ind1="0" ind2="3">
   <subfield code="a">z</subfield>
   <subfield code="2">gnd</subfield>
   <subfield code="a">Geschichte 1945-1965</subfield>
  </datafield>
  <datafield tag="689" ind1="0" ind2=" ">
   <subfield code="5">DE-101</subfield>
  </datafield>
  <datafield tag="700" ind1="1" ind2=" ">
   <subfield code="a">Schieder, Martin</subfield>
   <subfield code="d">1965-</subfield>
   <subfield code="e">HerausgeberIn</subfield>
   <subfield code="0">(DE-588)118004573</subfield>
   <subfield code="0">(DE-627)079186645</subfield>
   <subfield code="0">(DE-576)291664334</subfield>
   <subfield code="4">edt</subfield>
  </datafield>
  <datafield tag="787" ind1="0" ind2="8">
   <subfield code="i">Rezension</subfield>
   <subfield code="t">Nikola Doll ... (Hrsg.): Kunstgeschichte nach 1945, Kontinuität und Neubeginn in Deutschland,  Köln, Weimar, Wien 2006 und Martin Schieder, Isabelle Ewig (Hrsg.): In die Freiheit geworfen, Positionen zur deutsch-französischen Kunstgeschichte nach 1945, Berlin 2006</subfield>
   <subfield code="d">2007</subfield>
   <subfield code="h">Online-Ressource</subfield>
   <subfield code="w">(DE-627)1646230655</subfield>
   <subfield code="w">(DE-576)278862756</subfield>
  </datafield>
  <datafield tag="787" ind1="0" ind2="8">
   <subfield code="i">Rezensiert in</subfield>
   <subfield code="a">Steinkamp, Maike, 1974 - </subfield>
   <subfield code="t">[Rezension von: Nikola Doll (Hrsg.), Kunstgeschichte nach 1945. Kontinuität und Neubeginn in Deutschland - Martin Schieder (Hrsg.), In die Freiheit geworfen. Positionen zur deutsch-französischen Kunstgeschichte nach 1945]</subfield>
   <subfield code="d">2007</subfield>
   <subfield code="w">(DE-627)1863868852</subfield>
  </datafield>
  <datafield tag="787" ind1="0" ind2="8">
   <subfield code="i">Rezensiert in</subfield>
   <subfield code="a">Bonnet, Anne-Marie, 1954 - </subfield>
   <subfield code="t">[Rezension von: Martin Schieder / Isabelle Ewig (Hrsg.), In die Freiheit geworfen]</subfield>
   <subfield code="d">2008</subfield>
   <subfield code="w">(DE-627)1913832457</subfield>
  </datafield>
  <datafield tag="830" ind1=" " ind2="0">
   <subfield code="a">Passagen</subfield>
   <subfield code="v">13</subfield>
   <subfield code="9">13</subfield>
   <subfield code="w">(DE-627)508058090</subfield>
   <subfield code="w">(DE-576)078946778</subfield>
   <subfield code="w">(DE-600)2224053-6</subfield>
   <subfield code="x">2104-9777</subfield>
   <subfield code="7">am</subfield>
  </datafield>
  <datafield tag="856" ind1="4" ind2="2">
   <subfield code="u">https://swbplus.bsz-bw.de/bsz119450615rez-1.htm</subfield>
   <subfield code="m">B:DE-576;DE-16</subfield>
   <subfield code="q">text/html</subfield>
   <subfield code="v">20081124092833</subfield>
   <subfield code="x">Verlag</subfield>
   <subfield code="3">Rezension</subfield>
   <subfield code="7">1</subfield>
  </datafield>
  <datafield tag="856" ind1="4" ind2="2">
   <subfield code="u">https://swbplus.bsz-bw.de/bsz119450615rez.htm</subfield>
   <subfield code="m">V:DE-576</subfield>
   <subfield code="q">application/pdf</subfield>
   <subfield code="v">2007-08-15</subfield>
   <subfield code="3">Rezension</subfield>
   <subfield code="7">1</subfield>
  </datafield>
  <datafield tag="856" ind1="4" ind2="2">
   <subfield code="u">https://swbplus.bsz-bw.de/bsz119450615inh.htm</subfield>
   <subfield code="m">V:DE-576</subfield>
   <subfield code="q">application/pdf</subfield>
   <subfield code="v">2007-08-17</subfield>
   <subfield code="3">Inhaltsverzeichnis</subfield>
   <subfield code="7">1</subfield>
  </datafield>
  <datafield tag="856" ind1="4" ind2="2">
   <subfield code="u">http://www.sehepunkte.de/2008/11/12332.html</subfield>
   <subfield code="m">V:DE-576;X:Sehepunkte</subfield>
   <subfield code="v">20180412105414</subfield>
   <subfield code="3">Rezension</subfield>
   <subfield code="7">1</subfield>
  </datafield>
  <datafield tag="856" ind1="4" ind2="2">
   <subfield code="u">http://scans.hebis.de/HEBCGI/show.pl?18362871_toc.pdf</subfield>
   <subfield code="m">V:DE-576</subfield>
   <subfield code="q">application/pdf</subfield>
   <subfield code="3">Inhaltsverzeichnis</subfield>
   <subfield code="7">1</subfield>
  </datafield>
  <datafield tag="856" ind1="4" ind2="2">
   <subfield code="u">http://scans.hebis.de/HEBCGI/show.pl?18362871_rez.pdf</subfield>
   <subfield code="m">V:DE-576</subfield>
   <subfield code="q">application/pdf</subfield>
   <subfield code="3">Rezension</subfield>
   <subfield code="7">1</subfield>
  </datafield>
  <datafield tag="935" ind1=" " ind2=" ">
   <subfield code="i">sf</subfield>
  </datafield>
  <datafield tag="935" ind1=" " ind2=" ">
   <subfield code="i">Blocktest</subfield>
  </datafield>
  <datafield tag="936" ind1="r" ind2="v">
   <subfield code="a">LH 62040</subfield>
   <subfield code="b">in einzelnen Ländern (ohne Differenzierung)</subfield>
   <subfield code="k">Kunstgeschichte</subfield>
   <subfield code="k">Allgemeines. Allgemeine Kunstgeschichte</subfield>
   <subfield code="k">Geschichte der Kunstwissenschaft</subfield>
   <subfield code="k">in einzelnen Ländern (ohne Differenzierung)</subfield>
   <subfield code="0">(DE-627)1270703455</subfield>
   <subfield code="0">(DE-625)rvk/94236:</subfield>
   <subfield code="0">(DE-576)200703455</subfield>
  </datafield>
  <datafield tag="936" ind1="r" ind2="v">
   <subfield code="a">LH 65800</subfield>
   <subfield code="b">19. und 20. Jahrhundert insgesamt</subfield>
   <subfield code="k">Kunstgeschichte</subfield>
   <subfield code="k">Allgemeines. Allgemeine Kunstgeschichte</subfield>
   <subfield code="k">Allgemeine Kunstgeschichte: Darstellungen</subfield>
   <subfield code="k">Darstellungen einzelner Epochen</subfield>
   <subfield code="k">Mittlere und neuere Kunstgeschichte</subfield>
   <subfield code="k">Neuzeit</subfield>
   <subfield code="k">19. und 20. Jahrhundert</subfield>
   <subfield code="k">19. und 20. Jahrhundert insgesamt</subfield>
   <subfield code="0">(DE-627)1270877836</subfield>
   <subfield code="0">(DE-625)rvk/94560:</subfield>
   <subfield code="0">(DE-576)200877836</subfield>
  </datafield>
  <datafield tag="936" ind1="r" ind2="v">
   <subfield code="a">LH 60200</subfield>
   <subfield code="b">Kunstsoziologie (sämtlicher oder mehrerer Kunstgattungen)/ Soziologie des Künstlers. Allgemeines</subfield>
   <subfield code="k">Kunstgeschichte</subfield>
   <subfield code="k">Allgemeines. Allgemeine Kunstgeschichte</subfield>
   <subfield code="k">Bildende Kunst in Staat und Gesellschaft</subfield>
   <subfield code="k">Kunstsoziologie (sämtlicher oder mehrerer Kunstgattungen) Soziologie des Künstlers</subfield>
   <subfield code="k">Kunstsoziologie (sämtlicher oder mehrerer Kunstgattungen)/ Soziologie des Künstlers. Allgemeines</subfield>
   <subfield code="0">(DE-627)1270643150</subfield>
   <subfield code="0">(DE-625)rvk/94179:</subfield>
   <subfield code="0">(DE-576)200643150</subfield>
  </datafield>
  <datafield tag="936" ind1="r" ind2="v">
   <subfield code="a">LK 10357</subfield>
   <subfield code="b">Kunst nach 1945 (verschiedene Richtungen)</subfield>
   <subfield code="k">Kunstgeschichte</subfield>
   <subfield code="k">Kunst nach Ländern bzw. Kontinenten</subfield>
   <subfield code="k">Deutschland</subfield>
   <subfield code="k">Deutsche Kunstgeschichte einzelner Epochen</subfield>
   <subfield code="k">Deutsche Kunstgeschichte der Neuzeit</subfield>
   <subfield code="k">19., 20.  und 21. Jahrhundert</subfield>
   <subfield code="k">20. Jahrhundert</subfield>
   <subfield code="k">Kunst nach 1945 (verschiedene Richtungen)</subfield>
   <subfield code="0">(DE-627)1270636146</subfield>
   <subfield code="0">(DE-625)rvk/97500:13111</subfield>
   <subfield code="0">(DE-576)200636146</subfield>
  </datafield>
  <datafield tag="936" ind1="r" ind2="v">
   <subfield code="a">LH 60230</subfield>
   <subfield code="b">19. und 20. Jahrhundert</subfield>
   <subfield code="k">Kunstgeschichte</subfield>
   <subfield code="k">Allgemeines. Allgemeine Kunstgeschichte</subfield>
   <subfield code="k">Bildende Kunst in Staat und Gesellschaft</subfield>
   <subfield code="k">Kunstsoziologie (sämtlicher oder mehrerer Kunstgattungen) Soziologie des Künstlers</subfield>
   <subfield code="k">Neuzeit</subfield>
   <subfield code="k">19. und 20. Jahrhundert</subfield>
   <subfield code="0">(DE-627)1270642022</subfield>
   <subfield code="0">(DE-625)rvk/94183:</subfield>
   <subfield code="0">(DE-576)200642022</subfield>
  </datafield>
  <datafield tag="936" ind1="r" ind2="v">
   <subfield code="a">LM 10197</subfield>
   <subfield code="b">nach 1945</subfield>
   <subfield code="k">Kunstgeschichte</subfield>
   <subfield code="k">Kunst nach Ländern bzw. Kontinenten</subfield>
   <subfield code="k">Frankreich</subfield>
   <subfield code="k">Französische Kunstgeschichte einzelner Epochen</subfield>
   <subfield code="k">19. und 20. Jahrhundert</subfield>
   <subfield code="k">20. Jahrhundert</subfield>
   <subfield code="k">nach 1945</subfield>
   <subfield code="0">(DE-627)1270649027</subfield>
   <subfield code="0">(DE-625)rvk/101012:</subfield>
   <subfield code="0">(DE-576)200649027</subfield>
  </datafield>
  <datafield tag="936" ind1="b" ind2="k">
   <subfield code="a">20.70</subfield>
   <subfield code="j">Europäische Kunst: Allgemeines</subfield>
   <subfield code="0">(DE-627)106406566</subfield>
  </datafield>
  <datafield tag="936" ind1="b" ind2="k">
   <subfield code="a">20.30</subfield>
   <subfield code="j">Kunstgeschichte: Allgemeines</subfield>
   <subfield code="0">(DE-627)106410326</subfield>
  </datafield>
  <datafield tag="936" ind1="f" ind2="i">
   <subfield code="0">(DE-627)1756131651</subfield>
   <subfield code="a">RA04.06</subfield>
   <subfield code="b">Frankreich</subfield>
   <subfield code="k">Europa</subfield>
   <subfield code="k">Westeuropa</subfield>
   <subfield code="k">Frankreich</subfield>
   <subfield code="2">fivr</subfield>
  </datafield>
  <datafield tag="936" ind1="f" ind2="i">
   <subfield code="0">(DE-627)1756131686</subfield>
   <subfield code="a">RA05.02</subfield>
   <subfield code="b">Bundesrepublik Deutschland</subfield>
   <subfield code="k">Europa</subfield>
   <subfield code="k">Mitteleuropa</subfield>
   <subfield code="k">Bundesrepublik Deutschland</subfield>
   <subfield code="2">fivr</subfield>
  </datafield>
  <datafield tag="936" ind1="f" ind2="i">
   <subfield code="0">(DE-627)1756135703</subfield>
   <subfield code="a">SE05</subfield>
   <subfield code="b">Kulturaustausch/Kulturkontakt</subfield>
   <subfield code="k">Internationale Kulturbeziehungen</subfield>
   <subfield code="k">Kulturaustausch/Kulturkontakt</subfield>
   <subfield code="2">fivs</subfield>
  </datafield>
  <datafield tag="936" ind1="f" ind2="i">
   <subfield code="a">ZGA530</subfield>
   <subfield code="b">Deutsch-französische Kulturbeziehungen</subfield>
   <subfield code="k">Deutsch-französische Kulturbeziehungen</subfield>
   <subfield code="q">DE-Lg3</subfield>
   <subfield code="2">fivw</subfield>
  </datafield>
  <datafield tag="936" ind1="s" ind2="n">
   <subfield code="a">l300</subfield>
   <subfield code="2">mzub</subfield>
  </datafield>
  <datafield tag="938" ind1="1" ind2="0">
   <subfield code="0">(DE-627)175614625X</subfield>
   <subfield code="0">(DE-615)6603417</subfield>
   <subfield code="a">Deutschland</subfield>
   <subfield code="2">fivt</subfield>
  </datafield>
  <datafield tag="938" ind1="1" ind2="0">
   <subfield code="0">(DE-627)1756210861</subfield>
   <subfield code="0">(DE-615)6605413</subfield>
   <subfield code="a">Kunst</subfield>
   <subfield code="2">fivt</subfield>
  </datafield>
  <datafield tag="938" ind1="1" ind2="0">
   <subfield code="0">(DE-627)1756148325</subfield>
   <subfield code="0">(DE-615)6603106</subfield>
   <subfield code="a">Frankreich</subfield>
   <subfield code="2">fivt</subfield>
  </datafield>
  <datafield tag="951" ind1=" " ind2=" ">
   <subfield code="a">BO</subfield>
  </datafield>
  <datafield tag="990" ind1=" " ind2=" ">
   <subfield code="a">Deutschland</subfield>
  </datafield>
  <datafield tag="990" ind1=" " ind2=" ">
   <subfield code="a">Kunst</subfield>
  </datafield>
  <datafield tag="990" ind1=" " ind2=" ">
   <subfield code="a">Frankreich</subfield>
  </datafield>
  <datafield tag="990" ind1=" " ind2=" ">
   <subfield code="a">Geschichte 1945-1965</subfield>
  </datafield>
  <datafield tag="991" ind1=" " ind2=" ">
   <subfield code="a">Rezensiertes Werk</subfield>
  </datafield>
  <datafield tag="999" ind1=" " ind2=" ">
   <subfield code="a">KXP-PPN499774930</subfield>
   <subfield code="e">439645208X</subfield>
  </datafield>
 </record>
</collection>
